000 00307nam a2200133Ia 4500
008 260604s9999 xx 000 0 und d
020 _a9780143476245
082 _a158.1 CHA
100 _aDebashis chatterjee
_935945
245 0 _a1 Minute Wisdom
260 _bPengiun Books
500 _aLife
942 _cBK
999 _c8786
_d8786